<?xml version="1.0" encoding="UTF-8"?>
<record
    xmlns:xsi="http://www.w3.org/2001/XMLSchema-instance"
    xsi:schemaLocation="http://www.loc.gov/MARC21/slim http://www.loc.gov/standards/marcxml/schema/MARC21slim.xsd"
    xmlns="http://www.loc.gov/MARC21/slim">

  <leader>01135nam a22002057a 4500</leader>
  <controlfield tag="005">20230911163728.0</controlfield>
  <controlfield tag="008">230911b           ||||| |||| 00| 0 eng d</controlfield>
  <datafield tag="020" ind1=" " ind2=" ">
    <subfield code="a">9788195895007</subfield>
  </datafield>
  <datafield tag="040" ind1=" " ind2=" ">
    <subfield code="c">AL</subfield>
  </datafield>
  <datafield tag="041" ind1=" " ind2=" ">
    <subfield code="a">eng</subfield>
  </datafield>
  <datafield tag="082" ind1=" " ind2=" ">
    <subfield code="2">23</subfield>
    <subfield code="a">332.02401</subfield>
    <subfield code="b">ZEBM</subfield>
  </datafield>
  <datafield tag="100" ind1=" " ind2=" ">
    <subfield code="a">Zebra Learn</subfield>
    <subfield code="9">133158</subfield>
  </datafield>
  <datafield tag="245" ind1=" " ind2=" ">
    <subfield code="a">Money smart in your 20s and 30s</subfield>
  </datafield>
  <datafield tag="260" ind1=" " ind2=" ">
    <subfield code="b">Zebra Learn</subfield>
    <subfield code="c">2022</subfield>
  </datafield>
  <datafield tag="300" ind1=" " ind2=" ">
    <subfield code="a">430p.</subfield>
    <subfield code="b">HB</subfield>
    <subfield code="c">21x16cm.</subfield>
  </datafield>
  <datafield tag="365" ind1=" " ind2=" ">
    <subfield code="2">General</subfield>
    <subfield code="a">#Inv-77677</subfield>
    <subfield code="b">&#x20B9;998.75</subfield>
    <subfield code="f">30/08/2023</subfield>
  </datafield>
  <datafield tag="520" ind1=" " ind2=" ">
    <subfield code="a">Are you looking for a book to help you manage finances, plan your investments, plan taxes, insurances to reach your future goals? Money Smart in Your 20s and 30s is a Complete Guide to your financial planning. Specially curated for those in their 20s and 30s, Indian Context, designed every single page that makes you fall in love with financial planning. This book makes you self-sufficient to manage and grow your money using a systematic step-by-step process. It covers stock market, bonds, mutual funds, insurances, tax planning, real estate, gold, currency, Govt schemes, and more.</subfield>
  </datafield>
  <datafield tag="650" ind1=" " ind2=" ">
    <subfield code="2">Social sciences</subfield>
    <subfield code="a">Economics</subfield>
    <subfield code="9">133159</subfield>
  </datafield>
  <datafield tag="942" ind1=" " ind2=" ">
    <subfield code="2">ddc</subfield>
    <subfield code="c">BK</subfield>
  </datafield>
  <datafield tag="999" ind1=" " ind2=" ">
    <subfield code="c">228731</subfield>
    <subfield code="d">228731</subfield>
  </datafield>
  <datafield tag="952" ind1=" " ind2=" ">
    <subfield code="0">0</subfield>
    <subfield code="1">0</subfield>
    <subfield code="2">ddc</subfield>
    <subfield code="4">0</subfield>
    <subfield code="7">0</subfield>
    <subfield code="8">MCOMFA</subfield>
    <subfield code="a">SACPG</subfield>
    <subfield code="b">SACPG</subfield>
    <subfield code="d">2023-09-09</subfield>
    <subfield code="e">Zebra Learn</subfield>
    <subfield code="l">1</subfield>
    <subfield code="o">332.02401 ZEBM</subfield>
    <subfield code="p">PG024393</subfield>
    <subfield code="r">2024-02-06 00:00:00</subfield>
    <subfield code="s">2023-09-18</subfield>
    <subfield code="v">998.75</subfield>
    <subfield code="w">2023-09-11</subfield>
    <subfield code="y">BK</subfield>
  </datafield>
</record>
